00336nam a22001337a 4500003000500000005001700005008004100022020002200063040000900085082001400094245004600108246003700154300001100191Nust20170307125431.0170307b xxu||||| |||| 00| 0 eng d a978-0-07-160405-5 cASAB a615.5 KAT aBasic and clinical pharmacology 2009 11ED abasic and clinical pharmacology  a1218 p